The art of Central Asia and the Indian subcontinent in cross-cultural perspective / (Record no. 51423)

MARC details
000 -LEADER
fixed length control field 01224nam a22002537a 4500
005 - DATE AND TIME OF LATEST TRANSACTION
control field 20110405104930.0
010 ## - LCCN (DPL NO)
LC control number B-423725
020 ## - INTERNATIONAL STANDARD BOOK NUMBER
International Standard Book Number 9788173053474
Terms of availability 3500.00
020 ## - INTERNATIONAL STANDARD BOOK NUMBER
International Standard Book Number 8173053472
Terms of availability 3500.00
035 ## - SYSTEM CONTROL NUMBER
System control number B-423725
037 ## - SOURCE OF ACQUISITION
Source of stock number/acquisition DPL
Stock number Allied Publishers
082 00 - DEWEY DECIMAL CLASSIFICATION NUMBER
Classification number 709.58
245 14 - TITLE STATEMENT
Title The art of Central Asia and the Indian subcontinent in cross-cultural perspective /
Statement of responsibility, etc edited by Anupa Pande editorial assistance, Mandira Sharma
260 ## - PUBLICATION, DISTRIBUTION, ETC. (IMPRINT)
Place of publication, distribution, etc New Delhi :
Name of publisher, distributor, etc National Museum Institute [and] Aryan Books International,
Date of publication, distribution, etc 2009.
270 ## - ADDRESS
Address Pooja Apartments, 4B, Ansari Road, Darya Ganj
City New Delhi
Postal code 110002
300 ## - PHYSICAL DESCRIPTION
Extent ix, 250p.
Other physical details ill., maps
Dimensions 30cm. (Hb)
700 1# - ADDED ENTRY--PERSONAL NAME
Personal name Pande, Anupa,
9 (RLIN) 27047
700 1# - ADDED ENTRY--PERSONAL NAME
Personal name Sharma, Mandira.
9 (RLIN) 27048
710 2# - ADDED ENTRY--CORPORATE NAME
Corporate name or jurisdiction name as entry element National Museum Institute (New Delhi, India)
9 (RLIN) 27049
942 ## - ADDED ENTRY ELEMENTS (KOHA)
Source of classification or shelving scheme Dewey Decimal Classification
Item type English Books
Classification part 709.58
Call number suffix ART
Holdings
Withdrawn status Lost status Not for loan Collection code Home library Current library Date acquired Source of acquisition Cost, normal purchase price Full call number Barcode Copy number Cost, replacement price Koha item type
    Not For Loan Reference Central Library Central Library 10/08/2011 Researchco Book Centre/RBC-22386/2011-12/14.3.11/76/4.3.11/23.3.11 3500.00 709.58 ART B-423725 1 3500.00 English Books

© Delhi Public Library
Hit Counter
free hit counter